Tác động của cuộc khủng hoảng kinh tế lên hiệu quả hạt động kinh doanh của các công ty niêm yết trên sở giao dịch chứng khoán thành phố Hồ Chí Minh : Luận văn Thạc sĩ Kinh tế. Chuyên ngành Tài chính Ngân hàng

Tìm hiểu thực trạng và đánh giá chung về kết quả hoạt động của các công ty được niêm yết trên sàn giao dịch chứng khoán thành phố hồ Chí Minh, phân tích hiệu quả hoạt động của các công ty trong giai đoạn khủng hoảng kinh tế năm 2006 - 2014....

Cur síos iomlán

Đã lưu trong:
Sonraí Bibleagrafaíochta
Príomhúdar: Mạc, Hoàng Bích Thủy
Formáid: Leabhar
Teanga:Undetermined
Foilsithe: Cần Thơ Trường Đại học Cần Thơ 2017
Ábhair:
Clibeanna: Cuir Clib Leis
Gan Chlibeanna, Bí ar an gcéad duine leis an taifead seo a chlibeáil!
Thư viện lưu trữ: Trung tâm Học liệu Trường Đại học Cần Thơ
LEADER 01288nam a2200205Ia 4500
001 CTU_224286
008 210402s9999 xx 000 0 und d
082 |a 658.4012 
082 |b Th523 
088 |a 60340201 
100 |a Mạc, Hoàng Bích Thủy 
245 0 |a Tác động của cuộc khủng hoảng kinh tế lên hiệu quả hạt động kinh doanh của các công ty niêm yết trên sở giao dịch chứng khoán thành phố Hồ Chí Minh : 
245 0 |b Luận văn Thạc sĩ Kinh tế. Chuyên ngành Tài chính Ngân hàng 
245 0 |c Mạc Hoàng Bích Thủy ; Phạm Lê Thông (Cán bộ hướng dẫn) 
260 |a Cần Thơ 
260 |b Trường Đại học Cần Thơ 
260 |c 2017 
520 |a Tìm hiểu thực trạng và đánh giá chung về kết quả hoạt động của các công ty được niêm yết trên sàn giao dịch chứng khoán thành phố hồ Chí Minh, phân tích hiệu quả hoạt động của các công ty trong giai đoạn khủng hoảng kinh tế năm 2006 - 2014. 
650 |a Doanh nghiệp kinh doanh,Business enterprises 
980 |a Trung tâm Học liệu Trường Đại học Cần Thơ